00404 2200157 4500001002100000005001700021035002500038090001700063100002500080245004000105260002800145300002800173650001800201850001200219990001500231YOGYA00000000001433420150428094535.0 a0010-081400000014052 a297.12 Abd U aAbdul Wahid, H Ramli aUlumul Qur ancAbdul Wahid, H Ramli aJakartabRajawalic1993 axii, 172 hlm. ;c21 cm. aUlumul Qur an aYOPDYOG a49145-P/94